[Event "AUTO-ADV-3081"]
[Site "http://www.queenalice.com/game.php?id=1257955"]
[Date "2014.2.19"]
[Round "1"]
[White "Gera"]
[Black "marconilho"]
[Result "1-0"]
[WhiteElo "1999"]
[BlackElo "1661"]

1. c4 e5 2. a3 Bc5 3. e3 Nf6 4. Nc3 a6 5. b4 Ba7 6. Nf3 Nc6 7. Bb2 d6 8. Be2 Bd7
9. O-O Qe7 10. Re1 O-O-O 11. Qc2 Nb8 12. Rac1 Qf8 13. a4 Be6 14. Nd5 Rd7 15. Nc3
h5 16. b5 a5 17. Ba3 Qg8 18. d4 g5 19. d5 Bg4 20. Ne4 Nxe4 21. Qxe4 f5 22. Qb1
e4 23. Nd4 b6 24. Bb2 f4 25. Nc6 Nxc6 26. Bxh8 Ne7 27. Bd4 Bf5 28. Qb2 f3 29.
gxf3 exf3 30. Bxf3 g4 31. Be2 h4 32. Bf6 Ng6 33. Qd4 h3 34. e4 Nf4 35. exf5 g3
36. fxg3 Ng2 37. Rf1 Rh7 38. Qg4 Qf8 39. Bd4 Kb7 40. Bd3 Qe8 41. Qg6 Rf7 42. Rc2
Ne1 43. Re2 Re7 44. Qxe8 1-0

[Event "AUTO-OPEN-2991"]
[Site "http://www.queenalice.com/game.php?id=1264624"]
[Date "2014.3.13"]
[Round "3"]
[White "Tonto"]
[Black "marconilho"]
[Result "1-0"]
[WhiteElo "1999"]
[BlackElo "1659"]

1. d4 d5 2. h3 Bf5 3. Nf3 Nc6 4. a3 h6 5. Nbd2 Nf6 6. c4 e6 7. c5 Be7 8. b4 a6
9. e3 Qd7 10. Qa4 b5 11. Bxb5 O-O 12. Bxc6 Bc2 13. Bxd7 Bxa4 14. Bxa4 Nh7 15.
Nb3 Rab8 16. Ne5 Ra8 17. Na5 f6 18. Ng6 Rf7 19. Bd7 Bd8 20. Bxe6 c6 21. Nxc6 Ng5
22. Bxf7+ Kxf7 23. Nh4 Ne4 24. Nf5 Rc8 25. Nxd8+ Rxd8 26. Nd6+ Ke7 27. Nf5+ Kf7
28. Bb2 Rc8 29. f3 Ng5 30. Nd6+ 1-0

[Event "AUTO-OPEN-2991"]
[Site "http://www.queenalice.com/game.php?id=1264625"]
[Date "2014.3.13"]
[Round "3"]
[White "marconilho"]
[Black "Tonto"]
[Result "0-1"]
[WhiteElo "1657"]
[BlackElo "2003"]

1. e4 Nc6 2. Bc4 Nf6 3. Nc3 e6 4. Nf3 a6 5. a3 b5 6. Ba2 Bb7 7. d3 h6 8. Bd2 Bc5
9. Qe2 d5 10. O-O-O Ng4 11. Rdf1 d4 12. Nb1 Qe7 13. h3 Nge5 14. Kd1 b4 15. a4 a5
16. Bb3 Qf6 17. g4 Qxf3 18. Re1 Qxe2+ 19. Rxe2 Nf3 20. Bf4 e5 21. Bg3 O-O 22. h4
Bc8 23. g5 Bg4 24. Kc1 Be7 25. Nd2 hxg5 26. hxg5 Bxg5 27. Bd5 Ra6 28. Bc4 Rb6
29. Bb3 Nxd2 30. Ree1 Nf3+ 31. Kb1 Nxe1 32. Rxe1 Bf4 33. Bh4 g5 34. Bxg5 Bxg5
35. Rg1 Be6 36. Rxg5+ Kh7 37. Rg3 Bxb3 38. cxb3 Ne7 39. Rh3+ Rh6 40. Rg3 Rg8 41.
Kc2 Rh2 42. Rf3 Rg7 43. Kd2 Ng6 44. Kc2 f5 45. Rxf5 Nf4 46. Kb1 Rxf2 47. Rxe5
Nxd3 48. Rh5+ Kg8 49. Rxa5 Rxb2+ 50. Ka1 Rg1# 0-1

[Event "Challenge"]
[Site "http://www.queenalice.com/game.php?id=1268149"]
[Date "2014.3.26"]
[Round "-"]
[White "marconilho"]
[Black "Kraken"]
[Result "1-0"]
[WhiteElo "1637"]
[BlackElo "1894"]

1. e4 e5 2. Bc4 d6 3. Nf3 h6 4. Nc3 Nf6 5. d3 Bg4 6. Bd2 Nbd7 7. Qe2 Qe7 8. a3
Nb6 9. Ba2 g5 10. h3 Bh5 11. Qd1 d5 12. Qe2 d4 13. Nd5 Bxf3 14. Qxf3 Nfxd5 15.
exd5 f6 16. d6 cxd6 17. Qe2 Na4 18. Rb1 h5 19. Bb3 Nc5 20. Bd5 O-O-O 21. b4 Ne6
22. a4 Nc7 23. Ba2 Bh6 24. Qxh5 Bg7 25. Qf3 Rh6 26. b5 Qe6 27. Bxe6+ 1-0

[Event "AUTO-OPEN-3271"]
[Site "http://www.queenalice.com/game.php?id=1288195"]
[Date "2014.6.14"]
[Round "1"]
[White "Eggchaser"]
[Black "marconilho"]
[Result "1-0"]
[WhiteElo "1780"]
[BlackElo "1684"]

1. b3 e5 2. Bb2 Nc6 3. e3 Bc5 4. f4 Nf6 5. fxe5 Ne4 6. Nf3 Rg8 7. Bd3 d5 8. O-O
Be6 9. Bb5 Qd7 10. Qe2 g5 11. Nd4 Bxd4 12. exd4 Rh8 13. d3 f5 14. dxe4 f4 15.
Nd2 h5 16. exd5 Qxd5 17. c4 Qd7 18. d5 a6 19. Bxc6 bxc6 20. dxe6 Qxe6 21. Nf3
Rg8 22. Rad1 h4 23. Nd4 Qg6 24. Qg4 Ra7 25. Qc8+ Kf7 26. Qd7+ Kf8 27. Ba3+ c5
28. Bxc5+ Qd6 29. exd6 Rg7 30. Ne6+ Kg8 31. Qxg7# 1-0

[Event "AUTO-OPEN-3271"]
[Site "http://www.queenalice.com/game.php?id=1288196"]
[Date "2014.6.14"]
[Round "1"]
[White "marconilho"]
[Black "Eggchaser"]
[Result "0-1"]
[WhiteElo "1672"]
[BlackElo "1777"]

1. e4 d6 2. Bc4 Nf6 3. Nc3 e6 4. Qe2 Be7 5. Nf3 Nxe4 6. Qxe4 d5 7. Qd4 Bf6 8.
Qe3 dxc4 9. d4 Nc6 10. Bd2 Nxd4 11. Qe4 Nxf3+ 12. Qxf3 O-O 13. Qf4 e5 14. Qxc4
Be6 15. Qe4 c6 16. O-O-O Bd5 17. Nxd5 cxd5 18. Qg4 g6 19. Bh6 Bg7 20. Bg5 f6 21.
Bd2 Qc7 22. Bb4 Rfd8 23. Qe6+ Qf7 24. Qg4 f5 25. Qf3 e4 26. Qb3 a5 27. Ba3 d4
28. Qg3 b5 29. b3 b4 30. Bb2 a4 31. h4 axb3 32. axb3 Rac8 33. h5 d3 34. hxg6
Rxc2+ 35. Kb1 Rxb2+ 36. Ka1 Ra8# 0-1

[Event "AUTO-OPEN-3271"]
[Site "http://www.queenalice.com/game.php?id=1288215"]
[Date "2014.6.14"]
[Round "1"]
[White "Scooby_99"]
[Black "marconilho"]
[Result "1-0"]
[WhiteElo "1815"]
[BlackElo "1673"]

1. e4 e5 2. Nf3 Nc6 3. Bc4 Bc5 4. O-O Nf6 5. d4 exd4 6. e5 Ng8 7. Re1 d5 8. Bb3
Be6 9. Nbd2 Nh6 10. Nf1 Nf5 11. Bg5 Be7 12. Bf4 Qd7 13. Ng3 O-O-O 14. a4 Qe8 15.
Nxf5 Bxf5 16. Nxd4 Bg6 17. c3 Rd7 18. Nxc6 bxc6 19. Qe2 c5 20. Qa6+ Kb8 21. e6
fxe6 22. Rxe6 Ka8 23. Qc6+ Kb8 24. Bxd5 Rxd5 25. Qxd5 Bf7 26. Bxc7+ Kc8 27. Qa8+
Kd7 28. Rxe7+ Kxe7 29. Re1+ Be6 30. Qxa7 Qd7 31. Qxc5+ Kf7 32. Qh5+ g6 33. Qf3+
Kg7 34. Be5+ Kg8 35. Bxh8 Kxh8 36. h3 Bd5 37. Qf8+ Bg8 38. Qf6+ Qg7 39. Qxg7+
Kxg7 40. b4 Bd5 41. f3 Ba8 42. a5 1-0

[Event "AUTO-OPEN-3271"]
[Site "http://www.queenalice.com/game.php?id=1288216"]
[Date "2014.6.14"]
[Round "1"]
[White "marconilho"]
[Black "Scooby_99"]
[Result "1-0"]
[WhiteElo "1663"]
[BlackElo "1789"]

1. e4 e5 2. Bc4 Nc6 3. Nf3 d6 4. d3 f5 5. Ng5 f4 6. Nf7 Qf6 7. Nxh8 Nh6 8. h3
Bd7 9. Bd2 O-O-O 10. Nf7 Nxf7 11. Bxf7 Qxf7 12. Nc3 g5 13. Qf3 h5 14. Nd5 g4 15.
Qe2 Nd4 16. Qd1 f3 17. g3 Ne2 18. h4 Be6 19. Nc3 Nd4 20. O-O Kb8 21. b4 Bg7 22.
a4 d5 23. Be3 Nc6 24. Qb1 d4 25. Bg5 Bf6 26. Bxf6 Qxf6 27. Na2 Qf8 28. b5 Na5
29. c4 Qa3 30. Nb4 Qc3 31. Rd1 Nb3 32. Ra3 Qxb4 33. Qxb3 Qe7 34. Rc1 Qh7 35. Qb2
Qh6 36. c5 Ka8 37. a5 Bf7 38. Raa1 Qe6 39. c6 Qb3 40. cxb7+ Kxb7 41. a6+ Kb8 42.
Qd2 Rd6 43. Rcb1 Qe6 44. Qc2 Qd7 45. Rc1 Rb6 46. Qc5 Rxb5 47. Qf8+ Be8 48. Rc4
c6 49. Rb4 Qe6 50. Rab1 Qd7 51. Qh8 Kc7 52. Qxe5+ Rxe5 53. Rb7+ Kd6 54. Ra1 Qe6
55. Rxa7 Qb3 56. Rb7 Qxd3 57. a7 Ra5 58. e5+ Kxe5 59. Rxa5+ Kd6 60. Ra1 1-0

[Event "AUTO-OPEN-3271"]
[Site "http://www.queenalice.com/game.php?id=1288227"]
[Date "2014.6.14"]
[Round "1"]
[White "marconilho"]
[Black "beckhamf2000"]
[Result "1-0"]
[WhiteElo "1666"]
[BlackElo "1451"]

1. e4 e5 2. Bc4 Nf6 3. Nc3 Nxe4 4. Qf3 Nf6 5. Bd5 Nxd5 6. Qxd5 d6 7. Nf3 Nc6 8.
d3 Be6 9. Qe4 d5 10. Qe2 Bd6 11. Bd2 O-O 12. h4 Re8 13. O-O-O d4 14. Kb1 1-0

[Event "AUTO-ADV-3204"]
[Site "http://www.queenalice.com/game.php?id=1298134"]
[Date "2014.7.30"]
[Round "1"]
[White "Nias"]
[Black "marconilho"]
[Result "0-1"]
[WhiteElo "1569"]
[BlackElo "1710"]

1. d4 d5 2. Bg5 Nc6 3. e3 Bf5 4. Nc3 Nb4 5. Bd3 Bxd3 6. cxd3 Nf6 7. Bxf6 gxf6 8.
a3 Nc6 9. b4 Bg7 10. Qf3 e6 11. Kd2 Qe7 12. Nge2 f5 13. e4 Bxd4 14. exd5 exd5
15. Nxd5 Qd7 16. Nxd4 Nxd4 17. Nf6+ Kd8 18. Nxd7 Nxf3+ 19. gxf3 Kxd7 20. Rac1 c6
21. Rc5 Rhg8 22. Rxf5 Raf8 23. h4 Rg2 24. Ke2 Re8+ 25. Kf1 Rg7 26. Rg1 Reg8 27.
Rxg7 Rxg7 28. Ke2 Ke6 29. Rg5 Rxg5 30. hxg5 Kf5 31. g6 fxg6 32. Ke3 h5 33. Ke2
Kf4 0-1

[Event "AUTO-ADV-3204"]
[Site "http://www.queenalice.com/game.php?id=1298135"]
[Date "2014.7.30"]
[Round "1"]
[White "marconilho"]
[Black "Nias"]
[Result "1-0"]
[WhiteElo "1720"]
[BlackElo "1465"]

1. e4 e5 2. Bc4 Qf6 3. Nf3 h6 4. Nc3 c6 5. d3 Bb4 6. Bd2 Bxc3 7. Bxc3 d6 8. Qe2
b5 9. Bb3 a5 10. a3 a4 11. Ba2 Be6 12. Bxe6 Qxe6 13. Nd2 g5 14. g4 Nf6 15. h3 h5
16. f3 hxg4 17. fxg4 Nxg4 18. Nf3 f6 19. Bd2 Ra7 20. Qg2 Nh6 21. Rg1 Rg7 22. Qf2
Rhg8 23. c3 c5 24. Rg3 f5 25. Nxg5 Qf6 26. O-O-O f4 27. h4 Ke7 28. Rg2 Qg6 29.
Rh1 Qh5 30. Rhg1 Nd7 31. Kb1 Nf6 32. Nf3 Nhg4 33. Qe2 Qf7 34. Ng5 Qh5 35. Rxg4
Nxg4 36. Rxg4 Kf6 37. Qg2 Rh8 38. Ka2 1-0

[Event "AUTO-ADV-3204"]
[Site "http://www.queenalice.com/game.php?id=1298150"]
[Date "2014.7.30"]
[Round "1"]
[White "mascarade"]
[Black "marconilho"]
[Result "0-1"]
[WhiteElo "1731"]
[BlackElo "1660"]

1. d4 d5 2. g3 Bf5 3. Bg2 Nc6 4. a3 Nf6 5. Nc3 e6 6. Nf3 Qd7 7. Nh4 Bg6 8. Nxg6
fxg6 9. O-O h5 10. b4 Bd6 11. e4 dxe4 12. Nxe4 Nxe4 13. Bxe4 O-O-O 14. c4 Qf7
15. Bxc6 bxc6 16. Qa4 Kd7 17. Qxa7 Ra8 0-1

[Event "AUTO-ADV-3204"]
[Site "http://www.queenalice.com/game.php?id=1298151"]
[Date "2014.7.30"]
[Round "1"]
[White "marconilho"]
[Black "mascarade"]
[Result "1-0"]
[WhiteElo "1701"]
[BlackElo "1706"]

1. e4 b6 2. Bc4 e6 3. Nc3 Bb7 4. Nf3 Nc6 5. d3 Na5 6. Bb3 Nxb3 7. cxb3 g6 8. Be3
Bg7 9. Qd2 Ne7 10. Bg5 f6 11. Bh4 h5 12. Ng1 g5 13. Nf3 gxh4 14. Nxh4 Bh6 15.
Qe2 Bg5 16. Nf3 Ng6 17. g3 Qe7 18. h4 Bh6 19. a3 Ne5 20. Nb5 d5 21. Nxe5 fxe5
22. Qxh5+ Kd7 23. Qxe5 Qc5 24. Nd4 Rae8 25. b4 Qe7 26. Nb5 Kc8 27. f4 Bg7 28.
Qg5 Qxg5 29. fxg5 dxe4 30. Rc1 Re7 31. dxe4 Bxe4 32. Nd6+ Kb8 33. Nxe4 Bxb2 34.
Rb1 Bxa3 35. Rh2 c5 36. bxc5 Rc8 37. cxb6 Rc1+ 38. Rxc1 Bxc1 39. bxa7+ Rxa7 40.
Rc2 Ra1 41. Ke2 Ba3 42. g6 Bf8 43. Rc6 e5 44. Kf3 Rf1+ 45. Kg4 Re1 46. Kf5 Bg7
47. Nd2 Rd1 48. Nb3 Rf1+ 49. Kg5 Bf6+ 50. Rxf6 1-0

[Event "AUTO-ADV-3204"]
[Site "http://www.queenalice.com/game.php?id=1298160"]
[Date "2014.7.30"]
[Round "1"]
[White "agilulfo"]
[Black "marconilho"]
[Result "1-0"]
[WhiteElo "1945"]
[BlackElo "1717"]

1. d4 d5 2. c4 dxc4 3. e3 Qd5 4. Nd2 b5 5. a4 Ba6 6. axb5 Bxb5 7. Ra5 Qc6 8. Qf3
Qxf3 9. Ngxf3 a6 10. Bxc4 Bxc4 11. Nxc4 Nc6 12. Rc5 Kd7 13. Nfe5+ Nxe5 14. Nxe5+
Ke8 15. Rxc7 Nf6 16. O-O Nd5 17. Rb7 g6 18. b4 f6 19. Nc6 f5 20. Rb8+ Rxb8 21.
Nxb8 Nxb4 22. Bb2 Bg7 23. Ra1 Kf7 24. Nxa6 Nd5 25. Nc5 Rc8 26. Rb1 Rb8 27. Nd3
Nb4 28. Nxb4 Rxb4 29. Kf1 Ke6 30. Ke2 Kd5 31. Kd3 e6 32. Kc2 Bf8 33. Bc3 Ra4 34.
Ra1 Rc4 35. Rb1 Kc6 36. Kd3 Ra4 37. f3 Ra3 38. Kc4 Ra2 39. Rb2 Ra3 40. e4 Ra4+
41. Bb4 Bxb4 42. Rxb4 Rxb4+ 43. Kxb4 Kd6 44. Kc4 f4 45. g3 g5 46. e5+ Kc6 47.
gxf4 gxf4 48. Kd3 Kd5 49. Kc3 h6 50. h3 h5 51. h4 Kc6 52. Kd2 Kd5 53. Kd3 Kc6
54. Ke4 Kd7 55. Kxf4 Ke7 56. Kg5 Kf7 57. f4 Kg7 58. f5 exf5 59. Kxf5 Kh6 60. e6
Kg7 61. d5 Kf8 62. d6 Ke8 63. Kf6 Kd8 64. Kf7 Kc8 65. e7 Kd7 66. e8=Q+ Kxd6 67.
Qb5 Kc7 68. Ke7 Kc8 69. Kd6 Kd8 70. Qb8# 1-0

[Event "AUTO-ADV-3204"]
[Site "http://www.queenalice.com/game.php?id=1298161"]
[Date "2014.7.30"]
[Round "1"]
[White "marconilho"]
[Black "agilulfo"]
[Result "1-0"]
[WhiteElo "1679"]
[BlackElo "1835"]

1. e4 c5 2. Bc4 d6 3. Nf3 Nf6 4. Nc3 g6 5. Ng5 e6 6. a3 Bg7 7. h3 O-O 8. d3 Re8
9. Bd2 d5 10. Ba2 d4 11. Nb1 b5 12. Qe2 Nc6 13. b4 cxb4 14. axb4 a5 15. bxa5
Nxa5 16. Na3 Qc7 17. Bb3 Nxb3 18. cxb3 b4 19. Rc1 Qa5 20. Ra1 Qb6 21. Nc2 Rxa1+
22. Nxa1 Ba6 23. O-O Nd7 24. Nc2 Bf8 25. h4 Ne5 26. Bf4 Nxd3 27. Qf3 Nxf4 28.
Rd1 Ne2+ 29. Kh1 Nc3 30. Qxf7+ 1-0

[Event "AUTO-ADV-3204"]
[Site "http://www.queenalice.com/game.php?id=1343524"]
[Date "2015.2.23"]
[Round "2"]
[White "marconilho"]
[Black "LOMBARDY"]
[Result "0-1"]
[WhiteElo "1728"]
[BlackElo "2106"]

1. e4 c5 2. Bc4 e6 3. Nf3 Nc6 4. Nc3 a6 5. a3 b5 6. Ba2 Bb7 7. Qe2 Be7 8. d3 d6
9. Bd2 Nf6 10. h3 O-O 11. g4 Nd4 12. Nxd4 cxd4 13. Nd1 Rc8 14. Bb3 d5 15. e5 Nd7
16. f3 Nc5 17. Ba2 Bh4+ 18. Nf2 Bxf2+ 19. Qxf2 Ne4 20. fxe4 dxe4 21. Rg1 e3 22.
Bxe3 dxe3 23. Qxe3 Rxc2 24. b4 Qc7 25. h4 Qc3+ 26. Kf1 Qxa1+ 27. Qe1 Rc1 28. Kf2
Rxe1 29. Rxe1 Qxa2+ 30. Ke3 Qg2 31. Re2 Qf3+ 32. Kd2 Rd8 0-1

[Event "AUTO-ADV-3204"]
[Site "http://www.queenalice.com/game.php?id=1343525"]
[Date "2015.2.23"]
[Round "2"]
[White "LOMBARDY"]
[Black "marconilho"]
[Result "1-0"]
[WhiteElo "2105"]
[BlackElo "1730"]

1. d4 Nf6 2. c4 c6 3. Nc3 Na6 4. Nf3 g6 5. e4 Bg7 6. Be2 d6 7. O-O Bd7 8. h3 h6
9. Be3 g5 10. Nh2 Qc7 11. a3 Nh7 12. Rc1 Bf6 13. Bh5 Be6 14. d5 Bd7 15. Ng4 c5
16. Nxh6 Rf8 17. Bxf7+ Rxf7 18. Qh5 O-O-O 19. Nxf7 Rf8 20. Nb5 Qb6 21. Qxh7 Be8
22. Nxg5 Bxb2 23. Qxe7 Rg8 24. Qe6+ Kb8 25. Qxg8 Qd8 26. Nxd6 Nc7 27. Nxe8 Nxe8
28. Ne6 Qd7 29. Nxc5 Qe7 30. Rb1 b6 31. Rxb2 Ka8 32. Ne6 Kb7 33. c5 1-0